| 000 | 00650nam a22002417a 4500 | ||
|---|---|---|---|
| 001 | 001005 | ||
| 003 | DO-SdBNP | ||
| 005 | 20180118113407.0 | ||
| 007 | 001005 | ||
| 008 | 160809b 1998 sp||||| |||| 00| 0 spa d | ||
| 020 | _a9788420789897 | ||
| 040 |
_aBPMSU _bspa _cBPMSU |
||
| 092 |
_axxxx _bxxxx |
||
| 100 | 1 | _aSilva, Lorenzo | |
| 245 | 1 | 3 |
_aEl cazador del desierto / _cLorenzo Silva |
| 260 |
_aMadrid : _bAnaya, _c1998. _g8a reimpresión 2004 |
||
| 300 |
_a183 p. : _c23 cm. |
||
| 490 | 1 |
_aEspacio abierto _v66 |
|
| 830 | 1 |
_aEspacio abierto _n66 |
|
| 942 |
_2ddc _cBK |
||
| 945 | _aInventariado, 2018/LP | ||
| 956 |
_aBTAVÁREZ _b10 _c20160908 _d001005 |
||
| 999 |
_c11125 _d11125 |
||